| 000 | 00747nam a2200229Ia 4500 | ||
|---|---|---|---|
| 005 | 20240530103458.0 | ||
| 008 | 140319s xx 000 0 ara d | ||
| 040 |
_aGCL / _cGCL |
||
| 082 | 0 | 4 |
_a411.1 / _bع ا |
| 100 | 1 | _aعبدالعليم ابراهيم | |
| 245 | 1 | 0 |
_aالاملاء والترقيم فى الكتابة العربية / _cعبدالعليم ابراهيم |
| 250 | _aالاولى | ||
| 260 |
_aالقاهرة : _bمكتبة غريب، _cد . ت |
||
| 300 |
_a117 ص؛ _b24 سم |
||
| 650 | 0 | 4 | _aالتعليم |
| 650 | 0 | 4 | _aالتربية |
| 650 | 0 | 4 | _aالكتابة العربية |
| 650 | 0 | 4 | _aالاملاء |
| 650 | 0 | 4 | _aالترقيم |
| 942 |
_2ddc _cBK |
||
| 999 |
_c39792 _d39792 |
||